Encyklopedie počítačových sítí /
Saved in:
| Main Author: | |
|---|---|
| Format: | Book |
| Language: | Czech |
| Published: |
Praha :
Computer Press,
1996
|
| Subjects: | |
| Tags: |
No Tags, Be the first to tag this record!
|
MARC
| LEADER | 00000nam a22000003a 4500 | ||
|---|---|---|---|
| 001 | stu30259 | ||
| 005 | 20150617225738.0 | ||
| 008 | 970414s1996----cs------------------cze-d | ||
| 020 | |a 80-85896-67-2 | ||
| 040 | |a STU |b slo | ||
| 041 | 0 | |a cze | |
| 044 | |a cs | ||
| 080 | |a 519(031) | ||
| 100 | 1 | |a Feibel, Werner |4 aut | |
| 245 | 1 | |a Encyklopedie počítačových sítí / |c [aut]Feibel,Werner | |
| 260 | |a Praha : |b Computer Press, |c 1996 | ||
| 300 | |a 6,1230 s |c 1 CD-ROM | ||
| 650 | 7 | |a siete počítačové |2 stusub | |
| 996 | |b 284M039773 |c M*10147-1 |l MMKN |s A |a 24 |w stu30259_0001 | ||
| 996 | |b 284V028178 |c V*44269/O-19276 |l VVT |s A |a 24 |w stu30259_0002 | ||